000 00731nam a22002297a 4500
003 UA-OsUOA
001 38606
007 ta
008 20060517b un ||||| |||| 00| 0 ukr d
090 _a347.99(078:2)
_bО-64
942 _cBK
040 _aUA-OsUOA
_bukr
_cUA-OsUOA
_dUA-OsUOA
245 _aОрганізація судових та правоохороннх органів
_cЗа ред. Марочкіна І. Є., Сібільової Н. В., Толочка О. М.
300 _a272 с.
955 _a2
041 _aukr
080 _a347.99(078:2)
020 _a966-7146-37-5
260 _aК.
_bПраво
_c2000
650 7 _a347 Цивільне право. Судовий устрій
_2UDC
999 _c324756
_d324756